Relieve de España - Estadísticas

Estadísticas generales
  • Esta prueba ha sido intentada 257 veces
    247 desde el último reinicio
  • La puntuación promedio es 10 de 70
Estadísticas de respuestas
Hint Respuesta % Correcto
Teide
77%
Pirineos
69%
Aneto
56%
Sierra Morena
56%
Sistéma Ibérico
55%
Sistema Central
54%
Cordillera Cantábrica
50%
Montes de Toledo
42%
Sistemas Béticos
38%
Depresión del Ebro
35%
Depresión del Guadalquivir
35%
Mulacén
34%
Picos de Europa
31%
Cordillera Costero Catalana
28%
Veleta
26%
Monte Perdido
25%
Nevada
22%
2430 Guadarrama
21%
Penibética
20%
Macizo Macizo Galaico Leonés
19%
de Moncayo
18%
Montes Vascos
18%
Subbética
16%
Cazorla
13%
Picos de Urbión
8%
Segura
7%
Albarracín
6%
1492 de Gata
6%
Grazalema
6%
Javalambre
5%
1712 Montseny
5%
Naranjo de Bulnes
5%
2428 Peñalara
5%
2129 Somosierra
5%
Aracena
4%
Gúdar
4%
Montes Universales
4%
Ronda
4%
Ancares
3%
Baza
3%
de Cuenca
3%
de la Demanda
3%
Gorbea
3%
Mágina
3%
Andujar
2%
Cabrera
2%
Cadi
2%
Cebollera
2%
Contraviesa
2%
Gádor
2%
Los Filabres
2%
Madroña
2%
Montes de Málaga
2%
Peña Ubiña
2%
Peña Vieja
2%
Sagra
2%
Almijara
1%
Aroche
1%
Cucalón
1%
2592 de Gredas
1%
de las Estancias
1%
Espuña
1%
Macizo Maestrazgo
1%
Montañas Santanderinas
1%
Pedroches
1%
Segundera
1%
Tejeda
1%
Torres Cerredo
1%
Ubrique
1%
Vicor
1%
No se encontraron pruebas coincidentes
Distribución de puntuación
Porcentaje de gente con cada puntuación
Porcentaje por número respondido
Historial de tus puntuaciones
No has intentado esta prueba desde el último reinicio